Legendäre Fußballspiele Nr. 02 - Statistiken

Allgemein
  • Dieses Quiz wurde 14 mal gespielt
  • Das Durchschnittsergebnis liegt bei 4 aus 6
Antwortstatistiken
Treffer Nr.
Spielstand und Torschütze
% Korrekt
6
3:3 Klaus Fischer (108')
100%
5
2:3 Karl-Heinz Rummenigge (102')
73%
1
1:0 Pierre Littbarski (17')
55%
2
1:1 Michel Platini (26', E)
55%
4
1:3 Alain Giresse (98')
55%
3
1:2 Marius Trésor (92')
36%
Keine übereinstimmenden Quizze gefunden
Verteilung der Resultate
Anzahl Personen mit jedem Resultat
Perzentil nach korrekt beantworteten Fragen
Ihre Resultats-Entwicklung
Sie haben dieses Quiz noch nicht gespielt